000
00329nam a2200133Ia 4500
005
20251222141939.0
008
251222s9999||||xx |||||||||||||| ||spa||
020
_a
9786124126482
082
_a
323.11/M61
245
0
_a
Derechos de la Población Afroperuana:
250
_a
1ra.ed.
264
_b
Ministerio de Cultura
942
_c
LIB
999
_c
9296
_d
9296